000 00280nam a2200097Ia 4500
008 220204s9999 xx 000 0 und d
082 _a633.73(035)
_bCOF
245 0 _aCoffee guide: Coffee research (1925-1985) diamond jubilee
260 _aKarnataka
_bCoffee Board
_c1985
942 _cBK
999 _c43989
_d43989